000
00298nam a22001337a 4500
999
_c
529720
_d
529720
003
NUST
038
_a
MSOHAIL
082
_a
0
100
_a
Walter H. Kraft
_9
22334
245
_a
Transportation management center function
260
_a
Washington
_b
TRB
300
_a
69,P;
_c
28cm
942
_2
ddc
_c
BK